The Philippines / Nation of Islands (Record no. 1455)

000 -LEADER
fixed length control field 00560nam a22002057a 4500
003 - CONTROL NUMBER IDENTIFIER
control field OSt
005 - DATE AND TIME OF LATEST TRANSACTION
control field 20210426064207.0
008 - FIXED-LENGTH DATA ELEMENTS--GENERAL INFORMATION
fixed length control field 210216s1964 ||||| |||| 00| 0 eng d
040 ## - CATALOGING SOURCE
Original cataloging agency eng
Language of cataloging eng
Transcribing agency DLC
041 ## - LANGUAGE CODE
Language code of text/sound track or separate title eng
080 ## - UNIVERSAL DECIMAL CLASSIFICATION NUMBER
Universal Decimal Classification number 008
Item number C-97
100 ## - MAIN ENTRY--PERSONAL NAME
9 (RLIN) 918
Personal name Cutshall, Alden
245 ## - TITLE STATEMENT
Title The Philippines / Nation of Islands
Statement of responsibility, etc. / by: D. Van Nostrand Company, Inc
260 ## - PUBLICATION, DISTRIBUTION, ETC.
Place of publication, distribution, etc. Princeton
Name of publisher, distributor, etc. D. Van Nostrand Company, Inc
Date of publication, distribution, etc. 1964
300 ## - PHYSICAL DESCRIPTION
Extent 134 p.
Other physical details ill.
365 ## - TRADE PRICE
Price amount 1.45 usd
650 #0 - SUBJECT ADDED ENTRY--TOPICAL TERM
9 (RLIN) 493
Topical term or geographic name entry element Culture
653 ## - INDEX TERM--UNCONTROLLED
Uncontrolled term კულტურა
942 ## - ADDED ENTRY ELEMENTS (KOHA)
Source of classification or shelving scheme
Koha item type Books
Holdings
Withdrawn status Lost status Source of classification or shelving scheme Damaged status Not for loan Permanent location Current location Date acquired Inventory number Total Checkouts Full call number Barcode Date last seen Price effective from Koha item type
          Ken Walker International University Ken Walker International University 02/16/2021 486   008 C-97 486 02/16/2021 02/16/2021 Books

Powered by Koha